logo

Bir Sreshtho Munshi Abdur Rouf Library
Jhenaidah Cadet College

মরু-ভাস্কর হয়রত মোহাম্মদ (সঃ) / (Record no. 6292)

MARC details
000 -LEADER
fixed length control field 00664nam a2200205 a 4500
001 - CONTROL NUMBER
JCCL Control Number 6292
003 - CONTROL NUMBER IDENTIFIER
JCCL marc code BD-JhCC
005 - DATE AND TIME OF LATEST TRANSACTION
control field 20180120173411.0
008 - FIXED-LENGTH DATA ELEMENTS--GENERAL INFORMATION
fixed length control field 180120s2005 bg |||| |||| 00| 0 ben d
035 ## - SYSTEM CONTROL NUMBER
system control number (BD-JhCC)
040 ## - CATALOGING SOURCE
Original cataloging agency BD-JhCC
Modifying agency BD-JhCC
041 ## - LANGUAGE CODE
Language code of Book ben
082 ## - DEWEY DECIMAL CLASSIFICATION NUMBER
Classification number 297.63
Author mark and Year MOH 2005
100 ## - MAIN ENTRY--PERSONAL NAME
Personal name আলী, মোহাম্মদ ওয়াজেদ
245 ## - TITLE STATEMENT
Title মরু-ভাস্কর হয়রত মোহাম্মদ (সঃ) /
Statement of responsibility, etc মোহাম্মদ ওয়াজেদ আলী
260 ## - PUBLICATION, DISTRIBUTION, ETC. (IMPRINT)
Place of publication, distribution, etc ঢাকা:
Name of publisher, distributor, etc অনির্বাণ;
Date of publication, distribution, etc 2005
300 ## - PHYSICAL DESCRIPTION
Pagination 159 p;,
Dimensions 22 cm
650 ## - SUBJECT ADDED ENTRY--TOPICAL TERM
Topical term or geographic name as entry element Prophet Mohammad
942 ## - ADDED ENTRY ELEMENTS (KOHA)
Source of classification or shelving scheme Dewey Decimal Classification
Koha item type Books
Holdings
Source of classification or shelving scheme Damaged status Not for loan Home library Current library Shelving location Date of accession Cost, normal purchase price Total Checkouts Full call number Barcode Date last seen Copy number Koha item type
Dewey Decimal Classification     JCC Rouf Library JCC Rouf Library General Stacks 01/20/2018 150.00   297.63 MOH 2005 631 01/20/2018 C-1 Books

JCC Library | Contacts | JCC Home

Last Update on 23 September 2017
Copyright @ 2017-2020 JCC Rouf Library
Rouf Library, Jhenidah Cadet College (JCC), Bangladesh